Morality and situation ethics (Record no. 341775)

MARC details
000 -LEADER
fixed length control field 005710000a22002410004500
005 - DATE AND TIME OF LATEST TRANSACTION
control field 20120302053033.0
040 ## - CATALOGING SOURCE
Original cataloging agency ENG
100 ## - MAIN ENTRY--PERSONAL NAME
Personal name Dietrich
100 ## - MAIN ENTRY--PERSONAL NAME
Personal name Alice
100 ## - MAIN ENTRY--PERSONAL NAME
Personal name Hildeband, Von
245 ## - TITLE STATEMENT
Title Morality and situation ethics
260 ## - PUBLICATION, DISTRIBUTION, ETC. (IMPRINT)
Place of publication, distribution, etc chicago:
Name of publisher, distributor, etc franciscan Herald,
Date of publication, distribution, etc 1966
300 ## - PHYSICAL DESCRIPTION
Extent xi,191p
365 ## - TRADE PRICE
Price amount Rs.
650 ## - SUBJECT ADDED ENTRY--TOPICAL TERM
Topical term or geographic name as entry element Religion
650 ## - SUBJECT ADDED ENTRY--TOPICAL TERM
Topical term or geographic name as entry element Christian
650 ## - SUBJECT ADDED ENTRY--TOPICAL TERM
Topical term or geographic name as entry element Religion-Christian
650 ## - SUBJECT ADDED ENTRY--TOPICAL TERM
Topical term or geographic name as entry element Christian Morality
650 ## - SUBJECT ADDED ENTRY--TOPICAL TERM
Topical term or geographic name as entry element Felix Culpa
650 ## - SUBJECT ADDED ENTRY--TOPICAL TERM
Topical term or geographic name as entry element Tragic Sinner
650 ## - SUBJECT ADDED ENTRY--TOPICAL TERM
Topical term or geographic name as entry element Morality-Situation-Ethics
942 ## - ADDED ENTRY ELEMENTS (KOHA)
Koha item type Book
Holdings
Withdrawn status Lost status Damaged status Not for loan Home library Current library Date acquired Total Checkouts Barcode Date last seen Price effective from
        Institute For Oriental Study, Thane Institute For Oriental Study, Thane 12/02/2009   IOS-5615 12/02/2009 12/02/2009